Alphabet of sports : (Record no. 8688)

MARC details
000 -LEADER
fixed length control field 01048nam a22002777a 4500
001 - CONTROL NUMBER
control field 8688
003 - CONTROL NUMBER IDENTIFIER
control field FISKH
005 - DATE AND TIME OF LATEST TRANSACTION
control field 20260309135715.0
008 - FIXED-LENGTH DATA ELEMENTS--GENERAL INFORMATION
fixed length control field 251010b cb ||||| |||| 00| 0 eng d
020 ## - INTERNATIONAL STANDARD BOOK NUMBER
International Standard Book Number 9781592499946
040 ## - CATALOGING SOURCE
Original cataloging agency FISKH
Language of cataloging eng
Transcribing agency FISKH
Modifying agency FISKH
050 ## - LIBRARY OF CONGRESS CALL NUMBER
Classification number GV705.S38
082 ## - DEWEY DECIMAL CLASSIFICATION NUMBER
Classification number 796
100 ## - MAIN ENTRY--PERSONAL NAME
Personal name Schwaeber, Barbie Heit
Relator term Author
245 ## - TITLE STATEMENT
Title Alphabet of sports :
Remainder of title A Smithsonian alphabet book /
Statement of responsibility, etc. by Barbie Schwaeber ; Illustrated by David Lowe
260 ## - PUBLICATION, DISTRIBUTION, ETC.
Place of publication, distribution, etc. Norwalk :
Name of publisher, distributor, etc. Soundprints ,
Date of publication, distribution, etc. 2008
300 ## - PHYSICAL DESCRIPTION
Extent 35 unnumbered pages :
Other physical details color illustrations ;
Dimensions 25 cm
505 ## - FORMATTED CONTENTS NOTE
Formatted contents note J<br/>
520 ## - SUMMARY, ETC.
Summary, etc. Choose a sport, any sport and start learning, Children will learn through fun rhymes all about baseball, lacrosse, tennis and much more with this energetic look at sports from A to Z! Perfect for the youngest of sports enthusiasts.
521 8# - TARGET AUDIENCE NOTE
Target audience note 500<br/>
Source Lexile estimate<br/>
521 8# - TARGET AUDIENCE NOTE
Target audience note J<br/>
Source Raz-Plus<br/>
650 ## - SUBJECT ADDED ENTRY--TOPICAL TERM
Topical term or geographic name entry element Children's book
Form subdivision Basketball
700 ## - ADDED ENTRY--PERSONAL NAME
Personal name Lowe, David
Relator term Illustrator
942 ## - ADDED ENTRY ELEMENTS (KOHA)
Source of classification or shelving scheme Dewey Decimal Classification
Koha item type Books
Suppress in OPAC No
Holdings
Withdrawn status Lost status Source of classification or shelving scheme Damaged status Not for loan Home library Current library Shelving location Date acquired Total Checkouts Full call number Barcode Date last seen Copy number Price effective from Koha item type
    Dewey Decimal Classification     Footprints International School Library Network Toul Tom Poung Campus Footprints International School Library Network Toul Tom Poung Campus TTP Primary Dark Blue Bookshelves 10/10/2025   SCH 796 GV705.S38 2025-4533 10/10/2025 1 10/10/2025 Books
    Dewey Decimal Classification     Footprints International School Library Network Toul Tom Poung Campus Footprints International School Library Network Toul Tom Poung Campus TTP Primary Dark Blue Bookshelves 03/09/2026   SCH 796 GV705.S38 FISTK00841 03/09/2026 2 03/09/2026 Books